| 000 | 00822nam a22002057a 4500 | ||
|---|---|---|---|
| 999 |
_c19808 _d19808 |
||
| 003 | AR-CdUCM | ||
| 008 | 190522b ||||| |||| 00| 0 spa d | ||
| 040 |
_aMUNICIPALIDAD PROVINCIAL DEL CUSCO _cBIBLIOTECA MUNICIPAL DEL CUSCO |
||
| 082 |
_a070 / _bS85 |
||
| 100 |
_aSuarée, Octavio de la _918936 |
||
| 245 |
_aSocioperiodismo : _bun examen a escala mundial de las manifestaciones sociales de la prensa / |
||
| 260 |
_aLa Habana : _bCultural, _c1948. |
||
| 300 |
_a688 páginas ; _c23 cm. |
||
| 505 | _aContenido: Sociología -- La prensa como expresión de la sociedad -- Las clases sociales y su lucha por la alternativa de la información de la prensa... | ||
| 650 |
_aPeriodismo _91929 |
||
| 650 |
_aAspectos sociales _9262 |
||
| 650 |
_aLucha de clases _94818 |
||
| 942 |
_2ddc _cLIBROS |
||
| 945 |
_adavv _d2019-05-22 |
||